Alle Franzosen, die für Bayern München gespielt haben - Statistiken

Allgemein
  • Dieses Quiz wurde 817 mal gespielt
    246 seit der letzten Aktualisierung
  • Das Durchschnittsergebnis liegt bei 9 aus 15
Antwortstatistiken
Jahre Spieler % Korrekt
2007-2019 Franck Ribery
94%
seit 2015 Kingsley Coman
94%
seit 2021 Dayot Upamecano
89%
seit 2024 Michael Olise
84%
2019-2023 Lucas Hernandez
76%
2017-2022 Corentin Tolisso
75%
2019-2023 Benjamin Pavard
73%
1997-2004 &2005-2006 Bixente Lizarazu
70%
2022-2025 Mathys Tel
58%
seit 2024 Sacha Boey
57%
2000-2009 Willy Sagnol
56%
1994-1996 Jean-Pierre Papin
35%
2019-2022 Michael Cuisance
32%
2020-2022 Tanguy Nianzou
28%
2005-2008 Valerien Ismael
23%
Keine übereinstimmenden Quizze gefunden
Verteilung der Resultate
Anzahl Personen mit jedem Resultat
Perzentil nach korrekt beantworteten Fragen
Ihre Resultats-Entwicklung
Sie haben dieses Quiz seit der letzten Aktualisierung nicht gespielt